Manual fitosanitario 1998 1999

Guardado en:
Detalles Bibliográficos
Autores Corporativos: AFIPA (Autor), Asociación Nacional de Fabricantes e Importadores de Productos Fitosanitarios Agrícolas (Autor)
Formato: Libro
Lenguaje:español
Publicado: Santiago AFIPA 1999
Materias:
Etiquetas: Agregar Etiqueta
Sin Etiquetas, Sea el primero en etiquetar este registro!

MARC

LEADER 00000nam a2200000 a 4500
001 UCQ3376
003 CL-VaPUC
008 980821e19990000CL |||||||||||||||||spa|d
082 0 4 |a 668.65  |b AFI  |2 21 
110 2 |a AFIPA  |e author  |9 417455 
710 2 |a Asociación Nacional de Fabricantes e Importadores de Productos Fitosanitarios Agrícolas  |e author  |9 417456 
245 1 0 |a Manual fitosanitario 1998 1999 
300 |a 731 p 
942 |c BK 
945 |d 19980821 00:00:00  |a aarredon 
260 |a Santiago  |b AFIPA  |c 1999 
650 0 |a Química agrícola  |9 362273 
650 0 |a Pesticidas  |9 358300 
650 7 |a INSECTICIDAS  |2 CL-VaPUC  |9 262975 
650 7 |a FUNGICIDAS  |2 CL-VaPUC  |9 264584 
650 0 |a Herbicidas  |9 393022 
650 0 |a Fertilizantes  |9 262833 
650 7 |a TOXICOLOGIA  |2 CL-VaPUC  |9 306970 
583 |a last modification  |c 19980821 00:00:00  |k Rodrigo Vera 
999 |c 273962  |d 273960